¿Quién gobierna en Costa Rica ? : (Registro nro. 23537)
[ vista simple ]
| 000 -CABECERA | |
|---|---|
| campo de control de longitud fija | 00838nam a2200253 a 4500 |
| 001 - NÚMERO DE CONTROL | |
| campo de control | 000024042 |
| 005 - FECHA Y HORA DE LA ÚLTIMA TRANSACCIÓN | |
| campo de control | 20200930022652.0 |
| 008 - DATOS DE LONGITUD FIJA--INFORMACIÓN GENERAL | |
| campo de control de longitud fija | 110118s1978 cr a r 000 | spa d |
| 040 ## - FUENTE DE LA CATALOGACIÓN | |
| Centro catalogador/agencia de origen | DO-SdBNP |
| Lengua de catalogación | spa |
| Centro/agencia transcriptor | BNPHU |
| 082 ## - NÚMERO DE LA CLASIFICACIÓN DECIMAL DEWEY | |
| Número de clasificación | xxx |
| Número de documento/Ítem | A696q |
| 049 ## - FONDOS LOCALES (OCLC) | |
| Fondos de biblioteca | BNGR |
| 100 1# - ENTRADA PRINCIPAL--NOMBRE DE PERSONA | |
| Nombre de persona | Arias Sánchez, Oscar |
| 9 (RLIN) | 32556 |
| 245 10 - MENCIÓN DE TÍTULO | |
| Título | ¿Quién gobierna en Costa Rica ? : |
| Resto del título | un estudio del liderazgo formal en Costa Rica / |
| Mención de responsabilidad, etc. | Oscar Arias Sánchez ; prólogo de Eugenio Rodríguez. |
| 250 ## - MENCIÓN DE EDICIÓN | |
| Mención de edición | 2a ed. |
| 260 ## - PUBLICACIÓN, DISTRIBUCIÓN, ETC. | |
| Lugar de publicación, distribución, etc. | San José, Costa Rica : |
| Nombre del editor, distribuidor, etc. | Universitaria Centroamericana, |
| Fecha de publicación, distribución, etc. | 1978. |
| 300 ## - DESCRIPCIÓN FÍSICA | |
| Extensión | 378 p. : |
| Otras características físicas | il. ; |
| Dimensiones | 19 cm. |
| 490 #0 - MENCIÓN DE SERIE | |
| Mención de serie | Seis |
| 490 ## - MENCIÓN DE SERIE | |
| Mención de serie | Mayor |
| 500 ## - NOTA GENERAL | |
| Nota general | Incluye apéndice y bibliografía |
| 500 ## - NOTA GENERAL | |
| Nota general | Incluye notas al pie de páginas |
| 700 1# - PUNTO DE ACCESO ADICIONAL--NOMBRE DE PERSONA | |
| Nombre de persona | Rodríguez, Eugenio |
| Término indicativo de función/relación | pról. |
| 9 (RLIN) | 49404 |
| 830 #0 - PUNTO DE ACCESO ADICIONAL DE SERIE-TÍTULO UNIFORME | |
| Título uniforme | Mayor |
| 9 (RLIN) | 14111 |
| 830 #0 - PUNTO DE ACCESO ADICIONAL DE SERIE-TÍTULO UNIFORME | |
| Título uniforme | Seis |
| 9 (RLIN) | 41413 |
No hay ítems disponibles.
